000 00814cab a2200241 4500
001 WB3505-29
008 090401t1999 xxu||||| |||| 00| 0 eng d
035 _a(Sirsi) u91134
041 _aeng
245 _aTelecommunications data bank
260 _c1999
350 _a0
490 _aDETR News Release
_v(97) 2 February 1999 (2)
520 _aThe mobile telecommunications industry is to establish a Radio Sites Databank. The databank will allow for the sharing of masts in sensitive areas of the country. The government has welcomed the proposals.
650 _aMOBILE PHONES
650 _aRADIO MASTS
650 _aRADIO SITES DATABANK
650 _aTELECOMMUNICATIONS INDUSTRY
650 _aTELECOMMUNICATIONS MASTS
690 _aPLANNING LAW AND PRACTICE
942 _n0
948 _c05/02/1999
999 _c57832
_d57832